Normal view
MARC view
- Murder
Entry Topical Term
001 - CONTROL NUMBER
- control field: 22656
003 - CONTROL NUMBER IDENTIFIER
- control field: NUST
005 - DATE AND TIME OF LATEST TRANSACTION
- control field: 20191003123231.0
008 - FIXED-LENGTH DATA ELEMENTS
- fixed length control field: 191003|| aca||aabn | a|a d
040 ## - CATALOGING SOURCE
- Original cataloging agency: NUST
- Transcribing agency: NUST
150 ## - HEADING--TOPICAL TERM
- Topical term or geographic name entry element: Murder
- General subdivision: Investigation
- Geographic subdivision: Thailand
- Geographic subdivision: Bangkok
- Form subdivision: Fiction.
670 ## - SOURCE DATA FOUND
- Source citation: Work cat.: (NUST)0: Nesbø, Jo, 1960- author. 22654, Cockroaches /
